| 000 | 00441nam a2200145Ia 4500 | ||
|---|---|---|---|
| 008 | 230917s9999||||xx |||||||||||||| ||und|| | ||
| 040 |
_e169997 _aMAIN |
||
| 041 | _aEnglish | ||
| 082 | _a891.431721 TO738P | ||
| 100 | _aत्रिपाठी, ओकारनाथ | ||
| 245 | 0 | _aप्रश्न-चिन्ह | |
| 260 |
_aइलाहाबाद _bसाहित्य भवन _c1981 |
||
| 300 | _a87 पृ. p. | ||
| 942 | _cHN | ||
| 999 |
_c221894 _d221894 |
||